LIBRARY & INFORMATION CENTRE, KCAET, TAVANUR

ONLINE PUBLIC ACCESS CATALOGUE (OPAC)

Ella manushyarum sahodarar / (Record no. 5180)

MARC details
000 -LEADER
fixed length control field 00443cam a2200169ua 4500
041 ## - LANGUAGE CODE
Language code of text/sound track or separate title mal
082 ## - DEWEY DECIMAL CLASSIFICATION NUMBER
Classification number 923.2
Item number KRI/EL
100 ## - MAIN ENTRY--AUTHOR NAME
Personal name Krishna, Kripalani .
245 ## - TITLE STATEMENT
Title Ella manushyarum sahodarar /
260 ## - PUBLICATION, DISTRIBUTION, ETC. (IMPRINT)
Place of publication Kottayam :
Name of publisher Sahitya Pravarthaka Co-operative Society ,
Year of publication 1965.
300 ## - PHYSICAL DESCRIPTION
Number of Pages 404 ; .
942 ## - ADDED ENTRY ELEMENTS (KOHA)
Koha item type Books
Holdings
Withdrawn status Lost status Damaged status Home library Current library Date acquired Full call number Accession Number Koha item type
Withdrawn   Damaged KAUAET Malayalam University 07/04/2012 923.2 9262 Books
free website counter